01797nam a2200217 a 4500008004100000020001800041041000800059092001700067100003500084245003900119250003700158260003900195300001100234500007600245505091600321590006501237655001701302942001301319999001501332952023201347161215t2010 spa |||g ||| 000 f spa d a9788499181479 aspa c808l65sPAT1 aPatterson, Richard North93917 aEclipse /cRichard North Patterson a1a ed.bTraducción Ana Herrera aBarcelona:bRoca Editorial;c2010. a458 p. aPatterson, R. N. (2010). Eclipse. (1a ed.). Barcelona : Roca Editorial. aDamon Pierce se encuentra en una encrucijada vital: su carrera como abogado en California, aunque brillante, no acaba de satisfacerlo y se halla en pleno divorcio. Por ello, acepta sin dudar el pedido de ayuda de Marissa Brand Okari, una mujer con quien mantuvo una relación años atrás. Marissa está casada ahora con Bobby Okari, el carismático líder de un grupo opositor al gobierno autocrático que rige en su país, Luandia. Este país del oeste de África, rico en petróleo, es un objetivo codiciado por muchos, en especial por una compañía petrolífera americana estrechamente vinculada con el general Savior Karama, dirigente del país. Karama, que ve a Bobby Okari como una amenaza para sus intereses, no dudará en acusarlo de asesinato a raíz de una protesta que éste organiza durante un eclipse solar. Pierce aceptará su defensa, aunque ello implique arriesgar su vida.  aProyecto 4to libro. Donación Andrés Gallardo, Mayo 2018. aNovela93091 2ddccLIT c2719d2719 00102ddc40708FICaBFMbBFMcCRd2018-05-14eProyecto 4to libro. Donación Andrés Gallardo, Mayo 2018.l0o808 65 PATp4246r2018-05-14tEj. 1w2018-05-14yLITzProyecto 4to libro. Donación Andrés Gallardo, Mayo 2018.